| 000 -LEADER |
| fixed length control field |
01510nam a22001577a 4500 |
| 008 - FIXED-LENGTH DATA ELEMENTS--GENERAL INFORMATION |
| fixed length control field |
221007b ||||| |||| 00| 0 eng d |
| 100 ## - MAIN ENTRY--PERSONAL NAME |
| Personal name |
Wichowsky, A. Shah, P. and Heideman, A. |
| 245 ## - TITLE STATEMENT |
| Title |
Call and response? Neighborhood inequality and political voice |
| 260 ## - PUBLICATION, DISTRIBUTION, ETC. (IMPRINT) |
| Place of publication, distribution, etc |
Urban Affairs Review |
| 300 ## - PHYSICAL DESCRIPTION |
| Extent |
58(4), Jul, 2022: p.1182-1197 |
| 520 ## - SUMMARY, ETC. |
| Summary, etc |
Over the past 20 years, many cities across the United States have adopted a range of information and communication technologies (ICTs) to make it easier for residents to get informed, communicate their preferences, and hold public officials accountable. In this paper, we ask two questions. First, are service requests and responses illustrative of existing neighborhood differences across a city? Second, do patterns of request and response differ by the type of complaint made to the city? We leverage data from the city of Milwaukee, Wisconsin, to examine neighborhood variation in service requests and subsequent response times to those complaints. Our analysis makes a number of important contributions to the current literature on ICTs, including providing a more nuanced understanding of how types of requests vary by neighborhood context, and a more comprehensive picture of how requests and response times reveal social and racial disparities across the city. – Reproduced
|
| 650 ## - SUBJECT ADDED ENTRY--TOPICAL TERM |
| Topical term or geographic name as entry element |
e-Governance, Political participation, Racial disparities. |
| 9 (RLIN) |
33570 |
| 773 ## - HOST ITEM ENTRY |
| Main entry heading |
Urban Affairs Review |
| 906 ## - LOCAL DATA ELEMENT F, LDF (RLIN) |
| Subject DIP |
E-GOVERNANCE |
| 942 ## - ADDED ENTRY ELEMENTS (KOHA) |
| Item type |
Articles |